Anales de la Corona de Aragón / (Record no. 130090)

MARC details
000 -LEADER
campo de control de longitud fija 01224nam a2200241 i 4500
001 - NÚMERO DE CONTROL
campo de control 130090
003 - IDENTIFICADOR DE NÚMERO DE CONTROL
campo de control ES-MaACL
005 - FECHA Y HORA DE LA ÚLTIMA TRANSACCIÓN
campo de control 20230906193634.0
007 - CAMPO FIJO DE DESCRIPCIÓN FÍSICA--INFORMACIÓN GENERAL
campo de control de longitud fija t|
008 - DATOS DE LONGITUD FIJA--INFORMACIÓN GENERAL
campo de control de longitud fija 070718m19671986sp a |||| | spa d
020 ## - NÚMERO INTERNACIONAL ESTÁNDAR DEL LIBRO
Número Internacional Estándar del Libro 84-00-06435-6
080 ## - NÚMERO DE LA CLASIFICACIÓN DECIMAL UNIVERSAL
Número de la Clasificación Decimal Universal 946.52"07/14"(093.35)
100 1# - ENTRADA PRINCIPAL--NOMBRE DE PERSONA
Nombre de persona Zurita, Jerónimo.
9 (RLIN) 118536
245 10 - MENCIÓN DEL TÍTULO
Título Anales de la Corona de Aragón /
Mención de responsabilidad, etc. compuestos por Jerónimo Zurita ; edición preparada por Ángel Canellas López.
260 ## - PUBLICACIÓN, DISTRIBUCIÓN, ETC.
Lugar de publicación, distribución, etc. Zaragoza :
Nombre del editor, distribuidor, etc. Institución Fernando el Católico,
Fecha de publicación, distribución, etc. 1967-1986.
300 ## - DESCRIPCIÓN FÍSICA
Extensión 9 v. :
Otras características físicas il. ;
Dimensiones 24 cm.
505 8# - NOTA DE CONTENIDO CON FORMATO
Nota de contenido con formato 1. Libros primero, segundo y tercero 2. Libros cuarto y quinto 3. Libros sexto y séptimo 4. Libros octavo, noveno y décimo 5. Libros undécimo, duodécimo, decimotercero 6. Libros decimocuarto, decimoquinto 7. Libros decimosexto, decimoséptimo, decimoctavo 8. Libros decimonoveno, vigésimo 9. Indices analíticos de los Anales de la Corona de Aragón de Jerónimo Zurita / por Ángel Canellas López
651 #4 - PUNTO DE ACCESO ADICIONAL DE MATERIA--NOMBRE GEOGRÁFICO
Nombre geográfico Aragón (Reino)-
Subdivisión general Historia.
9 (RLIN) 7791
700 1# - ENTRADA AGREGADA--NOMBRE PERSONAL
Nombre de persona Canellas López, Angel.
9 (RLIN) 34480
710 2# - ENTRADA AGREGADA--NOMBRE DE ENTIDAD CORPORATIVA
Nombre de entidad corporativa o nombre de jurisdicción como elemento de entrada Institución "Fernando el Católico"
9 (RLIN) 4721
852 ## - LOCALIZACIÓN
Ubicación ES-MaACL
Número de control de estantería G-1545-53
852 ## - LOCALIZACIÓN
Ubicación ES-MaACL
Número de control de estantería P-1160
Nota libre .-Los primeros 4 vol.
Holdings
Estatus retirado Estado de pérdida Estado de daño No para préstamo Biblioteca de origen Biblioteca actual Ubicación en estantería Fecha de adquisición Fuente de adquisición Total de préstamos Signatura topográfica completa Código de barras Visto por última vez Precio de reemplazo Tipo de ítem Koha
        Biblioteca del Ateneo de Madrid Biblioteca del Ateneo de Madrid Depósito 2 14/09/2017     P-1160 1198005 23/02/2023 23/02/2023 Libro impreso
        Biblioteca del Ateneo de Madrid Biblioteca del Ateneo de Madrid Sala Pecera Planta 3 17/01/2008     G-1545-53 1135457 23/02/2023 23/02/2023 Libro impreso